Multi-Class Malware Classification Using Machine Learning

Salvato in:
Dettagli Bibliografici
Autore principale: Lašová, Vanesa (Autore)
Altri autori: Laštinec, Ján (Relatore della tesi)
Natura: Manoscritto Libro
Lingua:slovacco
inglese
Pubblicazione: 2025
Soggetti:
Accesso online:http://is.stuba.sk/zp/portal_zp.pl?podrobnosti=183871
Tags: Aggiungi Tag
Nessun Tag, puoi essere il primo ad aggiungerne!!

MARC

LEADER 00000ntm a22000003a 4500
001 stuzp105835
003 SK-STU
005 20250607211757.3
007 ta
008 150427s2015----xo-----f-mn---000-0-slo-d
040 |a STU  |b slo 
041 0 |a eng 
100 1 |a Lašová, Vanesa  |u 070400  |4 aut  |U FIIT Fakulta informatiky a informačných technológií  |T FIIT Ústav počítačového inžinierstva a aplikovanej informatiky  |X 110854  |U I400  |Y 672  |7 110854 
242 0 1 |a Viactriedna klasifikácia malvéru s využitím strojového učenia  |y slo 
245 1 0 |a Multi-Class Malware Classification Using Machine Learning 
260 |c 2025 
650 4 |a Multi-class classification  |2 eng 
650 4 |a Machine learning  |2 eng 
650 4 |a Malware analysis  |2 eng 
650 4 |a Strojové učenie  |2 slo 
650 4 |a Malvérová analýza  |2 slo 
650 4 |a Viactriedna klasifikácia  |2 slo 
700 1 |a Laštinec, Ján  |u 070300  |k Z3  |4 ths  |U FIIT Fakulta informatiky a informačných technológií  |T FIIT Ústav aplikovanej informatiky  |X 56214  |U I300  |Y 180  |7 A000056214 
856 4 |u http://is.stuba.sk/zp/portal_zp.pl?podrobnosti=183871